000 01025nam a22003497a 4500
001 0020572
003 KOHA_MİRAKIL
005 20260207002258.0
007 ta
008 100811b1996 tu |||gr||||#||||0|tur |
020 _a9757782424
040 _aTR-BiSEU
_btur
_cTR-BiSEU
_erda
041 0 _atur
044 _ctu
050 _aHF5386
_b.K45 1996
100 1 _aKelly, Al.
245 1 _aİş ortamında yaşamınızı kolaylaştıracak pratik bilgiler/
_cAl Kelly ; Al Kelly ; Çev. Bengi Güngör.
264 1 _aAnkara :
_bÖteki Yayınevi
_c1996
300 _a133 s. ;
_c19 cm.
336 _ametin
_btxt
_2rdacontent
337 _aaracısız
_bn
_2rdamedia
338 _acilt
_bnc
_2rdacarrier
490 1 _aÖteki yayınevi.
490 1 _aÖteki yönetim ;
_v7.
490 1 _akitap
650 0 _aBaşarı, işletmelerde.
_922730
650 0 _aSuccess in business.
_93920
830 1 _aÖteki yayınevi.
_944689
830 1 _aÖteki yönetim ;
_v7.
_99347
830 1 _akitap
_97406
942 _2lcc
_cBK
999 _c20529
_d20529